000 00587nam a2200181Ia 4500
003 GCL
008 140319s9999 xx 000 0 ara d
040 _aGCL /
_cGCL
082 0 4 _a925
_bم م
100 1 _aمحمد رجب البيومى
245 1 0 _aمن اعلام العصر : كيف عرفت هؤلاء /
_cمحمد رجب البيومى
300 _a389 ص
490 _aالهيئة العامة للاستعلامات
_v0
650 0 4 _aعبدالحليم محمود
650 0 4 _aجادالحق على جادالحق
650 0 4 _aمحمود الخفيف
942 _2ddc
_cBK
999 _c48953
_d48953